Trombinoscope - Les Personnages de Dessins Animés - Statistiques

Statistiques générales
  • Ce quiz a été pris 1 051 fois
    115 depuis la dernière actualisation
  • Le résultat moyen est 71 sur 98
Statistiques - réponses
Hint Extra Hint Réponse % Correct
Dora Personnage du dessin animé "Dora l'Exploratrice" dora-lexploratrice.jpg
89%
Sonic Personnage du dessin animé "Les Aventures de Sonic" sonic.jpg
88%
Dingo Personnage des dessins animés "Les Aventures de Mickey et ses amis" et "La Bande à Picsou" dingo.jpg
86%
Mickey Mouse Personnage des dessins animés "Les Aventures de Mickey et ses amis" et "La Maison de Mickey" 9087c23f2e-450.webp
86%
Barbapapa Personnage du dessin animé éponyme barbapapa.jpg
85%
Franklin Personnage du dessin animé éponyme franklin.jpg
85%
T'choupi Personnage du dessin animé éponyme tchoupi.jpg
85%
Pikachu Personnage du dessin animé "Pokémon" 025Pikachu-300x286.webp
85%
Hello Kitty Personnage du dessin animé éponyme Sanrio_Characters_Hello_Kitty_Image026-265x300.webp
85%
Homer Simpson Personnage du dessin animé "Les Simpson" 072052ea91-450.webp
85%
Tintin Personnage du dessin animé "Les Aventures de Tintin" tintin@2x.png
85%
La Panthère rose Personnage du dessin animé éponyme a96744128f-450.webp
85%
Shaun le Mouton Personnage du dessin animé éponyme shaun-le-mouton.jpg
83%
Son Goku Personnage du dessin animé "Dragon Ball" son-goku.jpg
83%
Stitch Personnage du dessin animé "Lilo & Stitch" stitch.jpg
83%
Trotro Personnage du dessin animé éponyme 75cdb23890-450.webp
83%
Titeuf Personnage du dessin animé éponyme f5206b010c-450.webp
83%
Inspecteur Gadget Personnage du dessin animé éponyme inspecteur-gadget.jpg
82%
Maya Personnage du dessin animé "Maya l'abeille" maya-labeille.jpg
82%
Oui-Oui Personnage du dessin animé éponyme oui-oui.jpg
82%
Yakari Personnage du dessin animé éponyme yakari.jpg
82%
Oggy Personnage du dessin animé "Oggy et les Cafards" 240x240
82%
Winnie l'ourson Personnage du dessin animé "Les Aventures de Winnie l'ourson" 205244b478-450.webp
82%
Garfield Personnage du dessin animé "Garfield & Cie" 3b8a436df2-450.webp
82%
Bob l'Éponge Personnage du dessin animé éponyme 7965795411-450.webp
82%
Peppa Personnage du dessin animé "Peppa Pig" a146015f19-450.webp
82%
Grand Schtroumpf Personnage du dessin animé "Les Schtroumpfs" d869607df7-450.webp
82%
Monkey D. Luffy Personnage du dessin animé "One Piece" images?q=tbn:ANd9GcRjyunpclfLLP_ej_iEf6D8UOBhWgqukZxoIA&s
80%
Donald Duck Personnage des dessins animés "La Bande à Picsou" et "La Maison de Mickey" 3838ac6e5c-450.webp
80%
Naruto Uzumaki Personnage du dessin animé "Naruto" 628735df53-450.webp
80%
Lucky Luke Personnage du dessin animé "Les Nouvelles Aventures de Lucky Luke" afff822636-450.webp
80%
Carlo Tentacule Personnage du dessin animé "Bob l'Éponge" carlo-tentacule.jpg
78%
Casper Personnage du dessin animé "Casper le Fantôme" casper-le-gentil-fantome.jpg
78%
Sam Personnage du dessin animé "Sam le pompier" sam-le-pompier.jpg
78%
Sammy Rogers Personnage du dessin animé "Scooby-Doo" sammy-rogers.jpg
78%
Titi Personnage des "Looney Tunes" (Titi et Grosminet) titi.jpg
78%
Clover Personnage du dessin animé "Totally Spies" would-it-be-wrong-to-say-that-clover-from-totally-spies-is-v0-7i1ivorhig6d1.jpg?width=332&format=pjpg&auto=webp&s=a423d65a2087f7e0bf8c9e7591c49cf77d3dc2b6
78%
Tom Personnage du dessin animé "Tom et Jerry" a9b75485c8-450.webp
78%
Angelo Personnage du dessin animé "Angelo la Débrouille" angelo-la-debrouille.jpg
77%
Sharko Personnage du dessin animé "Zig et Sharko" 32f0013b34-450.webp
77%
Scooby-Doo Personnage du dessin animé éponyme 33bc391ad1-450.webp
77%
Ben Tennyson Personnage du dessin animé "Ben 10" ben-10.jpg
75%
Cédric Dupont Personnage du dessin animé "Cédric" b30d46a25d-450.webp
75%
Donatello Personnage du dessin animé "Tortues Ninja" bbaaaa0107-450.webp
75%
Bloom Personnage du dessin animé "Winx Club" cb45a91caa-450.webp
75%
Félix le Chat Personnage du dessin animé éponyme d5ea6acd35-450.webp
75%
Tag Personnage du dessin animé "Foot 2 Rue" 9faffb3c8ae1e58814710caf334db4b7.jpg
74%
Yogi l'Ours Personnage du dessin animé éponyme 3a2ece92cb-450.webp
74%
Betty Boop Personnage du dessin animé éponyme betty-boop.jpg
72%
Candy Personnage du dessin animé "Au pays de Candy" candy.jpg
72%
Razmo Personnage du dessin animé "Ratz" 8dbf2d560a-450.webp
72%
Victor MacBernik Personnage du dessin animé "La Famille Pirate" bbd61a6dd4-450.webp
72%
Calimero Personnage du dessin animé éponyme dc22a75ce0-450.webp
72%
Capitaine Albator Personnage du dessin animé "Albator" albator.jpg
71%
Popeye Personnage du dessin animé éponyme popeye.jpg
71%
Bugs Bunny Personnage des "Looney Tunes" 3391e2d0a4-450.webp
71%
Taz Personnage des "Looney Tunes" 53fc536096-450.webp
71%
Kim Possible Personnage du dessin animé éponyme 8e396ab093-450.webp
71%
Jerry Personnage du dessin animé "Tom et Jerry" ab9b41cb52-450.webp
71%
Olivier Atton Personnage du dessin animé "Olive et Tom" ef6bd41182-450.webp
71%
Goldorak Personnage du dessin animé éponyme goldorak.jpg
69%
Bud Personnage du dessin animé "Les Zinzins de l'espace" d9f25f6e77-450.webp
69%
Fred Pierrafeu Personnage du dessin animé "Les Pierrafeu" 11c559718c-450.webp
68%
Bernie Personnage du dessin animé "Corneil & Bernie" 23c3072b1e-450.webp
68%
Eric Cartman Personnage du dessin animé "South Park" 2cacacc9a0-450.webp
68%
Bip Bip Personnage des "Looney Tunes" 41c0526085-450.webp
68%
Tom Sawyer Personnage du dessin animé "Les Aventures de Tom Sawyer" 4ef6ef9db0-450.webp
68%
Woody Woodpecker Personnage du dessin animé éponyme a157203d77-450.webp
68%
Martin Mystère Personnage du dessin animé éponyme abb7330536-450.webp
68%
Rebelle Personnage du dessin animé "Les Super Nanas" ad79ef5b5d-450.webp
68%
Marcelino Personnage du dessin animé éponyme d991ef88d7-450.webp
68%
Rick Personnage du dessin animé "Rick et Morty" f105afe917-450.webp
68%
Dexter Personnage du dessin animé "Le Laboratoire de Dexter" dexter-genie.gif
68%
Maestro Personnage du dessin animé "Il était une fois…" maestro.jpg
66%
Esteban Personnage du dessin animé "Les Mystérieuses Cités d'Or" fec312283a-450.webp
66%
Martin Matin Personnage du dessin animé éponyme 8925401884-450.webp
65%
D'Jok Personnage du dessin animé "Galactik Football" 3190275293-450.webp
63%
Sylvestre Personnage des "Looney Tunes" (Titi et Grosminet) 34f81bcdbb-450.webp
63%
Corneil Personnage du dessin animé "Corneil & Bernie" 4ba9437295-450.webp
63%
Sally Bollywood Personnage du dessin animé éponyme 6d981cbfb4-450.webp
63%
Bender Rodríguez Personnage du dessin animé "Futurama" bender-tordeur-rodriguez.jpg
62%
Optimus Prime Personnage du dessin animé "Transformers" 4c90bccab4-450.webp
62%
Rapido Personnage du dessin animé "Ratz" bf13181c61-450.webp
62%
Darwin Personnage du dessin animé "Le Monde incroyable de Gumball" 075a259a3b-450.webp
60%
Odd Della Robbia Personnage du dessin animé "Code Lyoko" cfd66b7a64-450.webp
60%
Elmer Fudd Personnage des "Looney Tunes" elmer-fudd.jpg
58%
Capitaine Flam Personnage du dessin animé éponyme capitaine-flam.jpg
57%
Angelica Cornichon Personnage du dessin animé "Les Razmoket" Angelica_Pickles-260x300.webp
55%
Marvin le Martien Personnage des "Looney Tunes" 403a67562b-450.webp
55%
Lincoln Loud Personnage du dessin animé "Bienvenue chez les Loud" fc17b8c491-450.webp
54%
Stewie Griffin Personnage du dessin animé "Les Griffin (Family Guy)" bd044b516a-450.webp
52%
Gretchen Grundler Personnage du dessin animé "La Cour de Récré" dab6bb2f94-450.webp
52%
Roger Personnage du dessin animé "American Dad" e1dafaf8b1-450.webp
52%
Ulysse Personnage du dessin animé "Ulysse 31" ulysse-31.jpg
51%
Johnny Bravo Personnage du dessin animé éponyme ba82b60179-450.webp
51%
Morty Personnage du dessin animé "Rick et Morty" a1e5fefe5e-450.webp
49%
Rolie Polie Olie Personnage du dessin animé éponyme f2a1b80e58-450.webp
48%
Toupou Personnage du dessin animé éponyme 8213124616-450.webp
45%
Aucun quiz correspondant
Distribution des résultats
% des personnes avec chaque résultat
Percentile par nombre de réponses
Votre historique - résultats
Vous n’avez pas pris ce quiz depuis la dernière actualisation